La obra pedagógica de Francisco Larroyo / (Record no. 163247)

MARC details
000 -CABECERA
campo de control de longitud fija 00433nam a2200145 a 4500
005 - FECHA Y HORA DE LA ÚLTIMA TRANSACCIÓN
campo de control 20210219161746.0
008 - ELEMENTOS DE LONGITUD FIJA--INFORMACIÓN GENERAL
campo de control de longitud fija 130521s1993 mx r 000 0 spa d
035 ## - NÚMERO DE CONTROL DEL SISTEMA
Número de control de sistema UPN01000191144
049 ## - COLECCIÓN
Colección UNE
080 #4 - NÚMERO DE CLASIFICACIÓN DECIMAL UNIVERSAL
Número de la Clasificación Decimal Universal 92 (LARROYO) "1993" VIL
100 1# - ASIENTO PRINCIPAL--NOMBRE PERSONAL
Nombre de persona Villalpando Nava, José Manuel
245 13 - MENCIÓN DE TÍTULO
Título La obra pedagógica de Francisco Larroyo /
Mención de responsabilidad, etc. José Manuel Villalpando Nava.
260 ## - PUBLICACIÓN, DISTRIBUCIÓN, ETC.
Lugar de publicación, distribución, etc. México :
Nombre del editor, distribuidor, etc. CONALTE,
Fecha de publicación, distribución, etc. 1993.
300 ## - DESCRIPCIÓN FÍSICA
Extensión 25 p.
Holdings
Estado de retiro Estado de pérdida Fuente del sistema de clasificación o colocación Estado dañado No para préstamo Código de colección Localización permanente Ubicación/localización actual Ubicación en estantería Fecha de adquisición Clasificación Código de barras Fecha visto por última vez Número de copia Tipo de ítem Koha
    Library of Congress Classification   Disponible (Préstamo en sala) UNESCO Bib. Gregorio Torres Quintero Bib. Gregorio Torres Quintero Colecciones especiales Planta alta 03/02/2023 92 (LARROYO) "1993" VIL U9966 31/12/2020 1 Libro